| Поле | Название | Значение |
| |
Тип записи |
a |
| |
Библиографический уровень |
m |
| 001 |
Контрольный номер |
admiBOOK00012323 |
| 005 |
Дата корректировки |
20140508173901.1 |
| 010 |
Индекс ISBN |
__ |
| a |
ISBN |
5-98032-317-1 |
| d |
Цена |
60.00 |
| 100 |
Данные общей обработки |
__ |
| a |
Данные общей обработки |
19020129 |||y0 y0189 ca |
| 101 |
Язык документа |
__ |
| a |
Язык текста |
rus |
| 105 |
Кодированные данные (монография) |
__ |
| a |
Кодированные данные (монография) |
zy |
| 200 |
Заглавие и сведения об ответственности |
0_ |
| a |
Заглавие |
Кадровый менеджмент |
| e |
Сведения, относящиеся к заглавию |
Учебник |
| 210 |
Выходные данные |
__ |
| a |
Место издания |
М |
| c |
Издательство |
Проспект |
| d |
Дата издания |
2004 |
| 215 |
Физическое описание |
__ |
| a |
Объем |
160с. |
| 606 |
Тематические рубрики |
__ |
| a |
Основная рубрика |
Управление экономикой |
| x |
Основная подрубрика |
Организация управления |
| x |
Основная подрубрика |
Экономика труда |
| x |
Основная подрубрика |
Трудовые ресурсы |
| 610 |
Ключевые слова |
__ |
| a |
Ключевые слова |
Кадровый менеджмент |
| a |
Ключевые слова |
Управление кадрами |
| a |
Ключевые слова |
Кадровая политика |
| a |
Ключевые слова |
Планирование кадров |
| a |
Ключевые слова |
Наем работников |
| a |
Ключевые слова |
Увольнение работников |
| a |
Ключевые слова |
Подготовка работников |
| a |
Ключевые слова |
Регулирование трудовых отношений |
| a |
Ключевые слова |
Трудовые договора |
| a |
Ключевые слова |
Оплата труда |
| a |
Ключевые слова |
Конфликты |
| a |
Ключевые слова |
Формы власти |
| a |
Ключевые слова |
Стили руководства |
| 675 |
Индекс УДК |
__ |
| a |
Индекс УДК |
331.108.2(075.8) |
| 686 |
Индексы других классификаций |
__ |
| a |
Классификационный индекс |
65.050.2 |
| a |
Классификационный индекс |
65.240 |
| 700 |
Автор |
_1 |
| a |
Фамилия |
Цветаев |
| b |
Имя |
В.М. |
| 852 |
Данные о местонахождении |
__ |
| c |
Местонахождение стеллажа |
65.050.2 |
| c |
Местонахождение стеллажа |
65.240 |
| j |
Шифр хранения |
65.050.2 |
| 852 |
Данные о местонахождении |
__ |
| b |
Сигла хранения |
ЧЗ_1 |
| t |
Номер экземпляра |
2 |
| i |
Авторский знак |
Ц27 |
| p |
Инвентарный номер |
130671 |
| p |
Инвентарный номер |
130672 |
| 901 |
Тип документа |
__ |
| t |
Тип документа |
m |
| 911 |
|
__ |
| u |
|
952a=Учебник |
| u |
|
952p=1523 |
| 938 |
Служебная информация |
__ |
| a |
Название организации |
Саранский филиал |
| b |
Имя БД |
OUTPUT.MRC_Саранск |
| c |
Название АИБС |
АИБС Библиотека |